Haack, Julia. Der vergällte Alltag. - Köln [u.a.] : Böhlau. - 2008 [Rezension]
| Titel: | Haack, Julia. Der vergällte Alltag. - Köln [u.a.] : Böhlau. - 2008 [Rezension] |
|---|---|
| Verfasser: | |
| In: |
Jahrbuch für Regionalgeschichte, Band 28 (2010), Seite 181-183 alle Artikel anzeigen |
| Veröffentlicht: | 2010 |
| Format: | Aufsatz |
| Sprache: | Deutsch |
X
alg: 39507062
001A $01999:12-11-16
001B $01999:04-08-21 $t21:03:49.000
001D $01999:12-11-16
001U $0utf8
001X $00
002@ $0Aox
003@ $0395070627
007A $0395070627 $aHEB
007T $0Herdc0078525m
010@ $ager
011@ $a2010
021A $aHaack, Julia. Der @vergällte Alltag. - Köln {[u.a.] : Böhlau. - 2008 [Rezension]
028A $aKuhn $dChristian
031A $d28 $h181-183 $j2010
039B $aIn $8--Abvc--. Jahrbuch für Regionalgeschichte. - Stuttgart : Steiner, 1965-. - ISSN 1860-8248 $x201000000280000819 $9046840451
039T $8--Aau--Haack, Julia [Tp3]. Der @vergällte Alltag. - Köln {[u.a.] : Böhlau, 2008. - 317 S.. - ISBN 3-412-20147-2 $919536189X
045F $a900.943816 $eDDC23BSB
045F/01 $a900
045F/03 $g43816
045T $a8,1
lok: 39507062 78
exp: 39507062 78 1 #EPN
201B/01 $018-11-16 $t13:39:29.000
201U/01 $0utf8
203@/01 $0791369269
208@/01 $a12-11-16 $be
209A/01 $a/ $f000 $x00
220C/01 $aTitelaufnehmer: pg
220C/01 $aHerkunft: HI Marburg
244Z/01 $2Trx $#Pomeranija $#Pommern $#Pomoransko $#Pomořansko $#Hinterpommern;Vorpommern;Mittelpommern $#Pomorze Środkowe;Pomorze Przednie $#Pomořansko;Západní Pomořany; Pomořany $8--Trx--Pomorze Zachodnie $x01 $9391303775
244Z/01 $2Trx $#arvustused $#recenzijos $#Reviews $#recenziók $#recenzje $#recenzie $#recenze $8--Trx--Rezensionen $x02 $9391357441
247C/01 $82080>Marburg/Lahn, Herder-Institut, Forschungsbibliothek, Bibliographieportal $9336309341
| LEADER | 00000caa a22000002c 4500 | ||
|---|---|---|---|
| 001 | 395070627 | ||
| 003 | DE-603 | ||
| 005 | 20210804210349.0 | ||
| 007 | tu | ||
| 008 | 161112s2010 xx |||| | u00||u|ger c | ||
| 035 | |a (DE-599)HEB395070627 | ||
| 040 | |a DE-603 |b ger |c DE-603 |d DE-603 | ||
| 041 | |a ger | ||
| 082 | 0 | 4 | |8 1\u |a 900.943816 |q DE-101 |2 23/BSB |
| 084 | |a 8,1 |2 ssgn | ||
| 085 | |8 1\u |b 900 | ||
| 085 | |8 1\u |z 2 |s 43816 | ||
| 100 | 1 | |a Kuhn, Christian | |
| 245 | 0 | 0 | |a Haack, Julia. Der vergällte Alltag. - Köln [u.a.] : Böhlau. - 2008 [Rezension] |
| 264 | 0 | |c 2010 | |
| 773 | 0 | 8 | |i In |t Jahrbuch für Regionalgeschichte |d Stuttgart : Steiner, 1965- |x 1860-8248 |g Band 28 (2010), Seite 181-183 |w (DE-603)046840451 |w (DE-600)2629-3 |
| 787 | 0 | 8 | |i Rezension von |a Haack, Julia |t Der vergällte Alltag |d Köln [u.a.] : Böhlau, 2008 |h 317 S., 230 mm x 155 mm |z 3412201472 |z 9783412201470 |w (DE-603)19536189X |
| 924 | 0 | |9 2080 |a (DE-603)791369269 |b DE-2080 |c HES |d d |g / | |


